[Event "New York Marshall 03"]
[Site "New York"]
[Date "2024.03.03"]
[Round "4"]
[White "Li, Michael2"]
[Black "Rosenthal, Max Manuel"]
[Result "1/2-1/2"]
[WhiteElo "2035"]
[BlackElo "1961"]
[PlyCount "217"]
[EventDate "2024.03.01"]
[EventType "swiss"]
[EventRounds "5"]
[EventCountry "USA"]
[SourceTitle "CB10_2024"]
[SourceDate "2024.03.06"]
[SourceVersion "1"]
[SourceVersionDate "2024.03.06"]
[SourceQuality "1"]

1. e4 e5 2. Nf3 Nc6 3. d4 exd4 4. Nxd4 Nf6 5. Nxc6 bxc6 6. Qe2 a5 7. Nc3 Bb4 8. Bd2 0-0 9. 0-0-0 Re8 10. f3 Qe7 11. Qf2 Rb8 12. Bc4 d6 13. Rhe1 Be6 14. Bxe6 Qxe6 15. a3 Bc5 16. Be3 Bxe3+ 17. Qxe3 Rb7 18. b3 Nd7 19. f4 h6 20. Qd4 Reb8 21. e5 d5 22. h3 Qe7 23. Kb2 Nc5 24. Ka2 a4 25. b4 Ne6 26. Qd2 d4 27. Ne4 c5 28. Rb1 cxb4 29. axb4 Rxb4 30. f5 a3 31. Rxb4 Rxb4 32. Rb1 Rxb1 33. Kxb1 Qd7 34. Qb4 Ng5 35. Nxg5 hxg5 36. e6 fxe6 37. fxe6 Qxe6 38. Qxd4 Kf7 39. Qc5 Qe7 40. Qd5+ Kg6 41. Ka2 Qf7 42. Qxf7+ Kxf7 43. Kxa3 Kf6 44. Kb4 Kf5 45. Kc5 Kf4 46. Kc6 Kg3 47. Kxc7 Kxg2 48. c4 Kxh3 49. c5 g4 50. c6 g3 51. Kb7 g2 52. c7 g1Q 53. c8Q+ Qg4 54. Qc3+ Kg2 55. Qd2+ Kg3 56. Qe1+ Kf4 57. Qd2+ Kf5 58. Qd7+ Kf4 59. Qd4+ Kg3 60. Qe5+ Kh4 61. Qe1+ Kh5 62. Qe8+ g6 63. Qh8+ Kg5 64. Qd8+ Kf4 65. Qd4+ Kg3 66. Qd6+ Kh3 67. Qd3+ Kh4 68. Qe3 g5 69. Qe1+ Qg3 70. Qh1+ Kg4 71. Qe4+ Qf4 72. Qe6+ Kf3 73. Qh3+ Kf2 74. Qh8 g4 75. Qb2+ Kg3 76. Kc8 Kh3 77. Qh8+ Kg2 78. Qb2+ Qf2 79. Qb7+ Kh3 80. Qh7+ Qh4 81. Qf5 Qg3 82. Qh7+ Kg2 83. Qe4+ Qf3 84. Qc2+ Kf1 85. Qc1+ Ke2 86. Qc2+ Ke3 87. Qc3+ Ke4 88. Qc4+ Ke5 89. Qc7+ Kd4 90. Qb6+ Kc4 91. Qe6+ Kc3 92. Qe5+ Kd3 93. Qb5+ Kd2 94. Qb2+ Ke3 95. Qc3+ Kf2 96. Qd4+ Kg3 97. Qe5+ Qf4 98. Qc3+ Kh4 99. Qh8+ Kg5 100. Qg7+ Kh5 101. Qh8+ Qh6 102. Qe5+ Kg6 103. Qe6+ Kh5 104. Qe5+ Qg5 105. Qh8+ Kg6 106. Qg8+ Kf5 107. Qd5+ Kf6 108. Qd8+ Ke5 109. Kb7 1/2-1/2